000
00260nam a22001217a 4500
008
180921b xxu||||| |||| 00| 0 eng d
041
_a
eng
080
_a
338
100
_a
53
101
_a
MEN
245
_a
Personnel Management
_c
Jucius,M.J
942
_2
udc
_c
BK
999
_c
48210
_d
48210